[Event "OP-2019-0-04817"]
[Site "LSS email"]
[Date "2019.08.03"]
[Round "?"]
[White "Churyaev, Aleksej"]
[Black "Adam, Dirk"]
[Result "1-0"]
[WhiteElo "906"]
[BlackElo "1500"]
[PlyCount "51"]
[EventDate "2019.07.29"]
[EventType "tourn (corr)"]
[EventRounds "4"]
[EventCountry "GER"]
[SourceTitle "Corr 2022"]
[Source "ChessBase"]
[SourceDate "2021.10.24"]
[SourceVersion "1"]
[SourceVersionDate "2021.10.24"]
[SourceQuality "1"]

1. Nf3 d5 2. e3 Nf6 3. h3 Nc6 4. d4 Bf5 5. a3 Ne4 6. Nfd2 e5 7. Nxe4 Bxe4 8. Nd2 exd4 9. Nxe4 dxe4 10. Bb5 Bc5 11. Bxc6+ bxc6 12. 0-0 0-0 13. exd4 Bxd4 14. c3 Bc5 15. Qe2 Re8 16. b4 Bd6 17. Rd1 Qe7 18. Re1 f5 19. g3 Bxg3 20. fxg3 Rad8 21. Be3 Rd3 22. Bd4 Rd8 23. Qxd3 Re8 24. Qe3 g5 25. Rf1 Rf8 26. Bc5 1-0